00298nam a2200133Ia 45000030006000000080041000060400015000471000021000622450033000832500010001162600009001265460012001350050017001470STCL150530s9999 xx 000 0 und d aSTCLcSTCL aVenkataraman, G. aChandra sekhar and his limit aFirst c1992 aEnglish20220125170236.0